| 000 | 00614nam a22002057a 4500 | ||
|---|---|---|---|
| 003 | OSt | ||
| 005 | 20260124031358.0 | ||
| 008 | 260124b |||||||| |||| 00| 0 eng d | ||
| 020 | _a0-8151-8931-1. | ||
| 040 |
_aDWCL-Main lib _cOC |
||
| 082 | _aCirc. 616.89 Y36 1991 | ||
| 100 | _aTalbott, John A. | ||
| 245 |
_aThe yearbook of psychiatry and applied mental health 1991/ _cTalbott, John A. |
||
| 260 |
_aSt. Luois : _bMosby Year Book, _cc1991. |
||
| 300 |
_axi, _b453 p. ; _c23 cm. |
||
| 504 | _aIncludes index. | ||
| 650 | _a1. Mental health. | ||
| 650 | _a2. Psychiatry. | ||
| 942 |
_2ddc _cBK-CIRC _hCirc. _n0 |
||
| 999 |
_c7762 _d7762 |
||